| 000 | 01103cam a2200301 a 4500 | ||
|---|---|---|---|
| 999 |
_c526951 _d526951 |
||
| 001 | 15515184 | ||
| 003 | NUST | ||
| 005 | 20190718054522.0 | ||
| 008 | 081107s2010 nyua v 001 0 eng | ||
| 010 | _a 2008048802 | ||
| 020 | _a9780073375977 (hard copy : alk. paper) | ||
| 020 | _a0073375977 (hard copy : alk. paper) | ||
| 035 | _a(OCoLC)ocn271105592 | ||
| 038 | _aArshad | ||
| 040 |
_aDLC _cDLC _dYDX _dBTCTA _dYDXCP _dCDX _dDLC |
||
| 050 | 0 | 0 |
_aQA76.758 _b.P75 2010 |
| 082 | 0 | 0 |
_a005.1 _bPRE |
| 100 | 1 |
_aPressman, Roger S. _917958 |
|
| 245 | 1 | 0 |
_aSoftware engineering : _ba practitioner's approach / _cRoger S. Pressman. |
| 250 | _a7th ed. | ||
| 260 |
_aNew York : _bMcGraw-Hill Higher Education, _c2010. |
||
| 300 |
_axxviii, 895 p. : _bill. ; _c24 cm. |
||
| 504 | _aIncludes bibliographical references (p. 871-888) and index. | ||
| 650 | 0 |
_aSoftware engineering. _92256 |
|
| 906 |
_a7 _bcbc _corignew _d1 _eecip _f20 _gy-gencatlg |
||
| 942 |
_2ddc _cBK |
||